000 00502nam a22001817a 4500
005 20230119101430.0
008 210301b ||||| |||| 00| 0 eng d
020 _a978070207277
041 _aeng
082 _a612 WAU-A
_bEAU-A
100 _aWAUGH ANNE AND GRANT ALLISON
_96464
245 _aANATOMY AND PHYSIOLOGY IN HEALTH AND ILLNESS
250 _a13'TH
260 _aNEW DELHI
_bELESEVIERS RELX INDIA
_c2018
300 _a560,p.
650 _aPHARMACY
_xB.PHARMA & D.PHARMA
_97472
942 _cBK
999 _c7503
_d7501